migration of mangrove terrapin in sre ambel and kampong seila kho kong province (ការបំលាស់ទីរបស់អណ្តើកសរសៃ នៅស្រុកស្រែអមបិល និង ស្រុកកំពង់សីលា ខេត្តកោះកុង) (Record no. 3345)

000 -LEADER
fixed length control field 00661nam a22001577a 4500
003 - CONTROL NUMBER IDENTIFIER
control field OSt
005 - DATE AND TIME OF LATEST TRANSACTION
control field 20151112105448.0
008 - FIXED-LENGTH DATA ELEMENTS--GENERAL INFORMATION
fixed length control field 151112b xxu||||| |||| 00| 0 eng d
040 ## - CATALOGING SOURCE
Transcribing agency RUA
082 ## - DEWEY DECIMAL CLASSIFICATION NUMBER
Classification number FOR CHH 2004 B130 Or.1
100 ## - MAIN ENTRY--PERSONAL NAME
9 (RLIN) 3593
Personal name CHHUN, SOPPHEAK.
245 ## - TITLE STATEMENT
Title migration of mangrove terrapin in sre ambel and kampong seila kho kong province (ការបំលាស់ទីរបស់អណ្តើកសរសៃ នៅស្រុកស្រែអមបិល និង ស្រុកកំពង់សីលា ខេត្តកោះកុង)
260 ## - PUBLICATION, DISTRIBUTION, ETC. (IMPRINT)
Place of publication, distribution, etc. Phnom Penh
Name of publisher, distributor, etc. RUA
Date of publication, distribution, etc. 2004
300 ## - PHYSICAL DESCRIPTION
Extent vii, 58p.
Other physical details ill.
Dimensions 29cm.
942 ## - ADDED ENTRY ELEMENTS (KOHA)
Source of classification or shelving scheme
Koha item type FOR
Holdings
Price effective from Date last seen Permanent Location Not for loan Date acquired Source of classification or shelving scheme Koha item type Barcode Lost status Damaged status Shelving location Withdrawn status Current Location Full call number
2015-11-122015-11-12Library Block B 2015-11-12 FORRUA027686  B130 Library Block BFOR CHH 2004 B130 Or.1
2015-11-122015-11-12Library Block B 2015-11-12 FORRUA027710  B130 Library Block BFOR CHH 2004 B130 Or.2
2015-11-122015-11-12Library Block B 2015-11-12 FORRUA027583  B130 Library Block BFOR CHH 2004 B130 Or.3
2015-11-122015-11-12Library Block B 2015-11-12 FORRUA026785  B130 Library Block BFOR CHH 2004 B130 Or.4
មជ្ឈមណ្ឌលឯការនៃសាកលវិទ្យាល័យភូមិន្ទកសិកម្មចំការដូង

Powered by Koha